Electoral systems and electoral reform in Latin America

Saved in:
Bibliographic Details
Main Author: Nohlen, Dieter (Author)
Format: Chapter/Article
Language:English
Published: 1996
In: Institutional design in new democracies
Year: 1996, Pages: 43-55
Online Access: Get full text
Author Notes:Dieter Nohlen

MARC

LEADER 00000caa a2200000 c 4500
001 1925649911
003 DE-627
005 20250717013705.0
007 tu
008 250514s1996 xx ||||| 00| ||eng c
035 |a (DE-627)1925649911 
035 |a (DE-599)KXP1925649911 
035 |a (OCoLC)1528045310 
040 |a DE-627  |b ger  |c DE-627  |e rda 
041 |a eng 
084 |a 16  |2 sdnb 
100 1 |a Nohlen, Dieter  |d 1939-  |e VerfasserIn  |0 (DE-588)120644517  |0 (DE-627)080802486  |0 (DE-576)162395841  |4 aut 
245 1 0 |a Electoral systems and electoral reform in Latin America  |c Dieter Nohlen 
264 1 |c 1996 
300 |a 13 
336 |a Text  |b txt  |2 rdacontent 
337 |a ohne Hilfsmittel zu benutzen  |b n  |2 rdamedia 
338 |a Band  |b nc  |2 rdacarrier 
773 0 8 |i Enthalten in  |t Institutional design in new democracies  |d Boulder, Colo. [u.a.] : Westview Press, 1996  |g (1996), Seite 43-55  |h XVI, 265 S.  |w (DE-627)194677028  |w (DE-576)04055810X  |z 9780813321097  |z 0813321085  |z 0813321093  |7 nnam  |a Electoral systems and electoral reform in Latin America 
773 1 8 |g year:1996  |g pages:43-55  |g extent:13  |a Electoral systems and electoral reform in Latin America 
951 |a AR 
992 |a 20250514 
993 |a BookComponentPart 
994 |a 1996 
998 |g 120644517  |a Nohlen, Dieter  |m 120644517:Nohlen, Dieter  |d 180000  |d 180500  |e 180000PN120644517  |e 180500PN120644517  |k 0/180000/  |k 1/180000/180500/  |p 1  |x j  |y j 
999 |a KXP-PPN1925649911  |e 4724359951 
BIB |a Y 
JSO |a {"id":{"eki":["1925649911"]},"origin":[{"dateIssuedDisp":"1996","dateIssuedKey":"1996"}],"person":[{"family":"Nohlen","given":"Dieter","role":"aut","display":"Nohlen, Dieter"}],"type":{"bibl":"chapter"},"title":[{"title_sort":"Electoral systems and electoral reform in Latin America","title":"Electoral systems and electoral reform in Latin America"}],"physDesc":[{"extent":"13 S."}],"recId":"1925649911","name":{"displayForm":["Dieter Nohlen"]},"language":["eng"],"relHost":[{"person":[{"display":"Lijphart, Arend","role":"edt","given":"Arend","family":"Lijphart"},{"display":"Waisman, Carlos Horacio","role":"oth","family":"Waisman","given":"Carlos Horacio"}],"origin":[{"publisher":"Westview Press","dateIssuedKey":"1996","dateIssuedDisp":"1996","publisherPlace":"Boulder, Colo. [u.a.]"}],"note":["Includes bibliographical references and index"],"type":{"bibl":"edited-book"},"part":{"year":"1996","text":"(1996), Seite 43-55","extent":"13","pages":"43-55"},"id":{"isbn":["9780813321097","0813321085","0813321093"],"eki":["194677028"]},"recId":"194677028","language":["eng"],"name":{"displayForm":["ed. by Arend Lijphart & Carlos H. Waisman"]},"title":[{"subtitle":"Eastern Europe and Latin America","title":"Institutional design in new democracies","title_sort":"Institutional design in new democracies"}],"disp":"Electoral systems and electoral reform in Latin AmericaInstitutional design in new democracies","physDesc":[{"extent":"XVI, 265 S.","noteIll":"graph. Darst.","noteFormat":"24 cm"}]}]} 
SRT |a NOHLENDIETELECTORALS1996